Lyrics to 'Solamente Tú' from EME15 - Statistics

General Stats
  • This quiz has been taken 6 times
  • The average score is 113 of 240
Answer Stats
Answer % Correct
Y
100%
y
100%
a
67%
el
67%
en
67%
es
67%
La
67%
la
67%
Solamente
67%
te
67%
ti
67%
67%
tu
67%
yo
67%
Yo
67%
15
33%
algo
33%
alucinante
33%
amor
33%
arriesgar
33%
bien
33%
breve
33%
buscando
33%
comenzar
33%
corazón
33%
día
33%
EME
33%
Entre
33%
escucho
33%
esta
33%
estar
33%
este
33%
esto
33%
Estoy
33%
estoy
33%
eternidad
33%
Extraño
33%
habitación
33%
hablar
33%
haces
33%
hay
33%
importarme
33%
instante
33%
interior
33%
junto
33%
madre
33%
mal
33%
más
33%
Me
33%
me
33%
mi
33%
Mi
33%
muy
33%
nada
33%
nadie
33%
Ni
33%
no
33%
No
33%
obsesión
33%
Pero
33%
piel
33%
piensa
33%
piensas
33%
por
33%
pueda
33%
puedo
33%
que
33%
Que
33%
quiero
33%
real
33%
33%
33%
sentir
33%
Si
33%
sintiendo
33%
Tan
33%
Tocas
33%
tocas
33%
un
33%
una
33%
vez
33%
vida
33%
Vives
33%
vives
33%
vivir
33%
voy
33%
No matching quizzes found
Score Distribution
Percent of People with Each Score
Percentile by Number Answered
Your Score History
You have not taken this quiz